00513 a2200109 4500082000600000100002100006245014800027260008200175300003800257500005000295856005800345 a- aShahnawaz Janjua aDesign and FPGA based implementation of barker demodulation block and CCK correlator block for DSSS technique in IEEE 802.11gcShahnawaz Janjua aIslamabad :bNUST School of Electrical Engineering & Computer Science,c2009. a106 p. :bill. ;c27 cm +eCD-ROM aSupervisors : Dr. N D Gohar, Mr. Bilal Saqib. u http://10.250.8.41:8080/xmlui/handle/123456789/29685